logo

Bir Sreshtho Munshi Abdur Rouf Library
Jhenaidah Cadet College

প্রফেশনালিজম ইন দ্য ওয়ার্কপ্লেস : (Record no. 13133)

MARC details
000 -LEADER
fixed length control field 00940nam a2200241 a 4500
001 - CONTROL NUMBER
JCCL Control Number 13133
003 - CONTROL NUMBER IDENTIFIER
JCCL marc code BD-JhCC
005 - DATE AND TIME OF LATEST TRANSACTION
control field 20230712090229.0
008 - FIXED-LENGTH DATA ELEMENTS--GENERAL INFORMATION
fixed length control field 230712s2019 bg a|||| |||| 000 0 ben d
020 ## - INTERNATIONAL STANDARD BOOK NUMBER
International Standard Book Number 9789847764924
035 ## - SYSTEM CONTROL NUMBER
system control number (BD-JhCC)13133
040 ## - CATALOGING SOURCE
Original cataloging agency BD-JhCC
Modifying agency BD-JhCC
041 ## - LANGUAGE CODE
Language code of Book ben
082 ## - DEWEY DECIMAL CLASSIFICATION NUMBER
Classification number 650.13
Author mark and Year CHO 2019
100 ## - MAIN ENTRY--PERSONAL NAME
Personal name চৌধুরী, মো: মাছুম
245 ## - TITLE STATEMENT
Title প্রফেশনালিজম ইন দ্য ওয়ার্কপ্লেস :
Remainder of title কর্পোরেট ডেসকোড, গ্রুমিং এবং এটিকেট /
Statement of responsibility, etc মো: মাছুম চৌধুরী,
260 ## - PUBLICATION, DISTRIBUTION, ETC. (IMPRINT)
Place of publication, distribution, etc ঢাকা :
Name of publisher, distributor, etc ঐতিহ্য,
Date of publication, distribution, etc ২০১৯
300 ## - PHYSICAL DESCRIPTION
Pagination ১৭৩ পৃ. :
Other physical details চিত্রাবলী সংযোজিত,
Dimensions ২৩ সেমি.
650 ## - SUBJECT ADDED ENTRY--TOPICAL TERM
Topical term or geographic name as entry element Career development
650 ## - SUBJECT ADDED ENTRY--TOPICAL TERM
Topical term or geographic name as entry element Self-presentation
650 ## - SUBJECT ADDED ENTRY--TOPICAL TERM
Topical term or geographic name as entry element Business etiquette
942 ## - ADDED ENTRY ELEMENTS (KOHA)
Source of classification or shelving scheme Dewey Decimal Classification
Koha item type Books
Holdings
Source of classification or shelving scheme Damaged status Not for loan Home library Current library Shelving location Date of accession Cost, normal purchase price Total Checkouts Full call number Barcode Date last seen Copy number Method of acquisition Koha item type Currency
Dewey Decimal Classification     JCC Rouf Library JCC Rouf Library General Stacks 06/23/2023 225.00   650.13 CHO 2019 17939 07/12/2023 C-1 Purchase Books BDT

JCC Library | Contacts | JCC Home

Last Update on 23 September 2017
Copyright @ 2017-2020 JCC Rouf Library
Rouf Library, Jhenidah Cadet College (JCC), Bangladesh